00876nam a2200229 a 450000100100000000500170001000800410002702000150006804000250008308200130010810000260012124500800014726000290022730000210025649000300027770000380030783000350034504900090038095201170038995201230050699900170062900002445320200930023200.0110127s1977 sp r 001 0 spa d a8432503207 aDO-SdBNPbspacBNPHU ann*bnn*1 aPaine, Thomas.95012914aLos derechos del hombre /cThomas Paine ; traducción Agustín Jiménez. aMadrid :bDoncel,c1977. a295 p. ;c22 cm.1 aEl libro de bolsillo.v991 aJiménez, Agustín,etr.950130 0aEl libro de bolsillov9994072 aBNGR 001054708MOaGRbGRcCTd2011-01-27iLF1l0onn* nn*p24453-10r2020-06-25w2020-06-25y4ZPréstamo en sala 001054728MOaGRbGRcCTd2011-01-27iLF1l0onn* nn*p24453-20r2020-06-25te. 2w2020-06-25y4ZPréstamo en sala c23946d23946